| 000 | 00538 a2200217 4500 | ||
|---|---|---|---|
| 001 | 114653 | ||
| 020 | _a9780545393386 | ||
| 041 | _aeng | ||
| 082 | _a[Fic] | ||
| 100 | _aGutman, Dan. | ||
| 250 | _a. ed. | ||
| 490 | _aMy weirder School | ||
| 697 | _aChildren and Youth Literature. | ||
| 830 | _aMy weirder School | ||
| 856 | _u000026/0000267a.jpg | ||
| 040 |
_aBR-BrIDEA _cBR-BrIDEA |
||
| 090 |
_aYear 4 [Fic] _bGUT |
||
| 245 | 1 | 0 |
_aMiss Child Has Gone Wild! _c Dan Gutman |
| 260 |
_aNew York _bScholastic _c2011 |
||
| 942 | _cBK | ||
| 999 |
_c114653 _d114653 |
||